00794nam a22002057a 4500999001900000005001700019010001500036020002700051035001400078037001300092082001100105100002200116245007700138260004500215270006800260300004100328500004700369942002500416952014700441 c175705d17570520200921125714.0 aENG-128442 c1195.00a9780199468119 aEN-111974 bDBAD/PUB a954.51 aSaikia, Arupjyoti aThe Unquiet River:bA Biography of the Brahmaputra/cby Arupjyoti Saikia aNew DelhibOxford University Pressc2019 a22 Workspace, 2nd Floor, I/22 Asaf Ali Road,bNew Delhie110002 axxi;583p.c23cm(pbk)bPictures, Maps aContains Bibliography, Afterword and Index 2ddccENh954.51mSAI 001040708NFICaAGbAGd2020-09-21eDBAD/PUBg1195.00l2m1o954.51 SAIpEN-111974r2022-06-25 00:00:00s2022-06-04v1195.00w2020-09-21yEN